[Event "IECC M1-2010.T036"]
[Site "IECC email"]
[Date "2010.05.24"]
[Round "?"]
[White "Watkins, Laurence"]
[Black "Reynolds, Amber"]
[Result "1-0"]
[WhiteElo "1072"]
[BlackElo "1007"]
[PlyCount "65"]
[EventDate "2010.??.??"]
[EventType "match (corr)"]
[EventRounds "2"]
[SourceTitle "Telechess CBM 149"]
[Source "ChessBase"]
[SourceDate "2012.07.17"]
[SourceVersion "1"]
[SourceVersionDate "2012.07.17"]
[SourceQuality "1"]
[WhiteTeam "US of America"]
[BlackTeam "US of America"]
[WhiteTeamCountry "USA"]
[BlackTeamCountry "USA"]

1. d4 f6 2. Nc3 Nc6 3. Nf3 e5 4. d5 Bb4 5. dxc6 Bxc3+ 6. bxc3 e4 7. Nd4 dxc6 8. e3 c5 9. Nb5 Qxd1+ 10. Kxd1 Bd7 11. Nxc7+ Ke7 12. Nxa8 Bg4+ 13. Be2 Bxe2+ 14. Kxe2 Nh6 15. Nc7 Ng4 16. Ba3 b6 17. Nd5+ Kf8 18. Rad1 g6 19. Nf4 g5 20. Nh5 Rg8 21. Rd8+ Kf7 22. Rxg8 Kxg8 23. h3 Nh6 24. Nxf6+ Kg7 25. Nh5+ Kg6 26. g4 Nf7 27. f4 gxf4 28. Nxf4+ Kg5 29. c4 Ne5 30. Ne6+ Kf6 31. Nf4 Ng6 32. Nxg6 hxg6 33. Bb2+ 1-0